| 000 | 00816nam a2200229 a 4500 | ||
|---|---|---|---|
| 001 | 40885 | ||
| 003 | BD-RjUL | ||
| 005 | 20211209053306.0 | ||
| 008 | 160511s1984 bg ||||| |||| 00| 0 ben d | ||
| 020 | _c: TK 20.00 | ||
| 035 | _a(BD-RjUL)41001 | ||
| 040 |
_aBD-RjUL _bben _cBD-RjUL |
||
| 041 | _aben | ||
| 082 |
_223 _a891.443 _bEKU 1984 |
||
| 245 | 0 | 0 |
_aএকুশের গল্প / _cরশীদ হায়দার সম্পাদিত |
| 260 |
_aঢাকা : _bবাংলা একাডেমী, _c১৯৮৪ |
||
| 300 |
_a[৪], ১২৯ পৃ. ; _c২১ সেমি. |
||
| 650 |
_aবাংলা ছোটগল্প _9120351 |
||
| 650 |
_aBengali Short Story _9125847 |
||
| 700 |
_aহায়দার, রশীদ সম্পাদক _9125848 |
||
| 942 |
_2ddc _cBK |
||
| 999 |
_c40885 _d40885 |
||